| 000 | 00730nam a2200241 i 4500 | ||
|---|---|---|---|
| 001 | bgj | ||
| 110 | 2 | _aHammond. | |
| 245 | 0 | 0 |
_aCitation world atlas / _cHammond Inc. |
| 260 |
_aMaplewood, NJ : _bHammond Inc., _ccop. 1982. |
||
| 300 |
_aVIII, 356 pp. : _bcoll. ill., coll. maps ; _c33 cm. |
||
| 500 | _aRevised edition of "Hammond Citation World Atlas. 1981". | ||
| 500 | _aCover tittle: "Hammond Citation World Atlas". | ||
| 505 | _aIncludes glossary and index. | ||
| 505 | _aZIP codes on U.S. state indexes. | ||
| 505 | _aNew final census. | ||
| 650 | 9 | _aAtlases | |
| 020 | _a0843712546 | ||
| 040 | _cBPK | ||
| 041 | 0 | _aeng | |
| 920 | _a0-8437-1254-6 | ||
| 942 | _cKS | ||
| 008 | s uk f |000 0 eng | ||
| 999 |
_c47437 _d47437 |
||
| 856 |
_uhttp://koha.tu.koszalin.pl/cgi-bin/koha/opac-detail.pl?biblionumber=47437 _yKatalog online BPK |
||